| 000 | 00424nam a22001337a 4500 | ||
|---|---|---|---|
| 003 | SGT | ||
| 082 |
_a617.645 _bA12J |
||
| 100 | _aJAIN, SONAL | ||
| 245 | _aASSESSMENT OF SALIVARY PARAMETERS IN HIGH CARIES RISK INDIVIDUALS AND EFFECT OF DIET MODIFICATION AND PARENTAL EDUCATION ON SALIVARY PARAMETERS | ||
| 260 |
_aDELHI NCR _bSGT UNIVERSITY GURUGRAM _c2015 |
||
| 300 | _a1-65 | ||
| 650 | _aPAEDODONTICS | ||
| 942 |
_2ddc _cTH |
||
| 999 |
_c15989 _d15989 |
||